000 00518nam a2200205Ia 4500
003 0100
008 130303s9999 xx 000 0 und d
020 _a052164643X
040 _cARRUPELIB
050 _aJC571.H769524 1999
245 _aHuman rights in global politics
260 _aCambridge
260 _bCambridge University Press
260 _C1999
300 _axi
300 _b 337p. 23cm.
650 _bPhilosophy - Problems
700 _aDunne, Tim and Wheeler, Nicholas J. (ed.)
942 0 0 _02
999 _c12971
_d12971